00531nam a2200157 450000100060000000300090000600500170001500700030003200800410003510000320007624500920010826000820020030000290028265100360031185200260034744785ES-MaACL20250701063134.0t|030324s1872 fr a |||| | fre d1 aClaretie, Jules,d1840-191310aAlmanach illustré de l'histoire de la Révolution de 1870-71 / cpar Jules Claretie. aParis : bAu Bureau de l'Eclipse, c1872 (fTyp. de Rouge, Dunon et Fresné) a55 p. : bil. ; c21 cm. 4aFrancia-xHistoria-y1871-1873. aES-MaACLjFol-Laf-415